Ushabti di militari del Museo Egizio di Firenze /

محفوظ في:

المؤلف الرئيسي: Cavillier, Giacomo.

مؤلف مشترك: Museo egizio di Firenze.

التنسيق: كتاب

اللغة: Italian

منشور في: Oxford : Archaeopress, 2009.

سلاسل: BAR international series ; 2032.

الموضوعات:

الوسوم: إضافة وسم

لا توجد وسوم, كن أول من يضع وسما على هذه التسجيلة!

رقم الطلب: DT59 .F45 C39 2009

LEADER 00949nam a2200265Ia 4500
003 OSt
005 20231121092634.0
008 100115s2009 enka b 000 0 ita d
952 |0 0  |1 0  |2 lcc  |4 0  |6 DT0059 F45 C39 02009  |7 1  |9 56843  |a ARCE  |b ARCE  |d 2023-11-21  |l 0  |o DT59 .F45 C39 2009  |r 2023-11-21 00:00:00  |w 2023-11-21  |y BK 
999 |c 47603  |d 47603 
020 |a 9781407306094 
040 |c ARCE Library 
050 4 |a DT59 .F45 C39 2009 
100 1 |a Cavillier, Giacomo. 
245 1 0 |a Ushabti di militari del Museo Egizio di Firenze /   |c Giacomo Cavillier. 
264 1 |a Oxford :   |b Archaeopress,   |c 2009. 
300 |a 101 p. :   |b ill. ;   |c 30 cm. 
490 0 |a BAR international series ;   |v 2032. 
504 |a Includes bibliographical references (p. 97). 
610 2 0 |a Museo egizio di Firenze   |v Catalogs. 
650 0 |a Ushabti   |v Catalogs. 
651 0 |a Egypt   |x Antiquities   |v Catalogs. 
710 2 |a Museo egizio di Firenze. 
901 |a reviewed 
942 |2 lcc  |c BK